History Quiz

Random History or Spanish Quiz

Spanish Repaso E Quiz Stats

 Plays Quiz not verified by Sporcle

Challenge
Share
Tweet
Embed
Score 0/28 Timer 05:00
0 Plays Today
Clue (English) Answer (Spanish) % Correct
airportaeropuerto
100%
ticketbillete
66.7%
no smoking section (leave off accent mark)la seccion de no fumar
66.7%
customsaduana
66.7%
country (leave off accent mark)pais
66.7%
to comevenir
66.7%
to putponer
66.7%
to knowsaber
66.7%
airline (leave out accent marks)la linea aerea
55.6%
countermostrador
55.6%
arrival and departure screenpantalla de salidas y llegadas
55.6%
departure gatela sala de salida
55.6%
to open the suitcasesabrir las maletas
55.6%
to inspectinspeccionar
55.6%
Clue (English) Answer (Spanish) % Correct
to boardabordar
55.6%
to disembarkdesembarcar
55.6%
to landaterrizar
55.6%
to reclaim luggagereclamar el equipaje
55.6%
to permitpermitir
55.6%
foreignextranjero
55.6%
boarding passtarjeta de embarque
44.4%
trunk/portermaletero
44.4%
flight attendentasistente de vuelo
44.4%
to welcomedar la bienvenida
44.4%
pass through controlpasar por el control
44.4%
to check in luggagefacturar el equipaje
44.4%
to take offdespegar
44.4%
to inspect the ticketrevisar el boleto
33.3%

You're not logged in!

Compare scores with friends on all Sporcle quizzes.
Join for Free
OR
Log In

You Might Also Like...

Show Comments

Extras

Created Sep 11, 2011ReportNominate
Tags:Spanish Quiz

Top Quizzes Today


Score Distribution

Your Account Isn't Verified!

In order to create a playlist on Sporcle, you need to verify the email address you used during registration. Go to your Sporcle Settings to finish the process.

Report this User

Report this user for behavior that violates our Community Guidelines.

Details: